[Event "12. Obert Int. Sant Marti 2010 - B"]
[Site "Barcelona ESP"]
[Date "2010.07.13"]
[Round "1.1"]
[White "Sanchez Sanchez, Ignasi"]
[Black "Vigier Lopez, Carlos"]
[Result "1-0"]
[WhiteElo "1986"]
[BlackElo "1724"]
[PlyCount "61"]
[EventDate "2010.07.13"]
[EventType "swiss"]
[EventRounds "9"]
[EventCountry "ESP"]
[SourceTitle "Ajedrez en Madrid"]
[Source "lmi"]
[SourceDate "2010.07.13"]
[SourceVersion "1"]
[SourceVersionDate "2019.06.18"]
[SourceQuality "1"]

1. d4 Nf6 2. Bg5 d5 3. Bxf6 exf6 4. e3 Bb4+ 5. c3 Bd6 6. Bd3 Nd7 7. Nd2 c5 8.
Ngf3 O-O 9. h4 c4 10. Bc2 Nb6 11. Ng5 f5 12. Qf3 g6 13. Nh3 Qxh4 14. g3 Qe7 15.
O-O-O a5 16. Nf4 Be6 17. Nxe6 fxe6 18. g4 a4 19. gxf5 exf5 20. Rdg1 a3 21. b4
cxb3 22. Nxb3 Qg7 23. Nc5 Bxc5 24. dxc5 Qxc3 25. cxb6 Qb2+ 26. Kd2 Qxa2 27. Qh5
Kf7 28. Qxh7+ Ke6 29. Rxg6+ Rf6 30. Rxf6+ Kxf6 31. Rh6+ 1-0

[Event "12. Obert Int. Sant Marti 2010 - B"]
[Site "Barcelona ESP"]
[Date "2010.07.13"]
[Round "1.2"]
[White "Criado Molla, Rafael"]
[Black "Amor Alcaide, Manuel"]
[Result "0-1"]
[WhiteElo "1704"]
[BlackElo "1978"]
[PlyCount "81"]
[EventDate "2010.07.13"]
[EventType "swiss"]
[EventRounds "9"]
[EventCountry "ESP"]
[SourceTitle "Ajedrez en Madrid"]
[Source "lmi"]
[SourceDate "2010.07.13"]
[SourceVersion "1"]
[SourceVersionDate "2019.06.18"]
[SourceQuality "1"]

1. e4 d6 2. d4 Nf6 3. Nc3 c6 4. Be2 Qc7 5. Nf3 e5 6. d5 c5 7. O-O Be7 8. h3 a6
9. a4 b6 10. Be3 O-O 11. Qd2 Nbd7 12. Rad1 Bb7 13. g4 Kh8 14. g5 Ng8 15. Kh1
Bc8 16. h4 Nb8 17. Rg1 f5 18. exf5 Bxf5 19. Nh2 Nd7 20. h5 c4 21. Bg4 Nc5 22.
Bxf5 Rxf5 23. Qe2 Nd7 24. Qg4 Raf8 25. Ne4 g6 26. hxg6 hxg6 27. Ng3 R5f7 28.
Ne4 Rh7 29. Rg3 Rff7 30. Rh3 Rxh3 31. Qxh3+ Rh7 32. Qf3 Qd8 33. Rg1 Qf8 34. Nc3
Qf7 35. Rg3 b5 36. axb5 axb5 37. Rh3 Rxh3 38. Qxh3+ Kg7 39. Ng4 b4 40. Ne2
Qxd5+ 41. Kh2 0-1

[Event "12. Obert Int. Sant Marti 2010 - B"]
[Site "Barcelona ESP"]
[Date "2010.07.13"]
[Round "1.3"]
[White "Pariente Lopez, Eduard"]
[Black "Perez Cuadrado, Eduardo"]
[Result "1-0"]
[WhiteElo "1965"]
[BlackElo "1699"]
[PlyCount "53"]
[EventDate "2010.07.13"]
[EventType "swiss"]
[EventRounds "9"]
[EventCountry "ESP"]
[SourceTitle "Ajedrez en Madrid"]
[Source "lmi"]
[SourceDate "2010.07.13"]
[SourceVersion "1"]
[SourceVersionDate "2019.06.18"]
[SourceQuality "1"]

1. e4 e5 2. Nf3 Nc6 3. Bc4 Nf6 4. d4 exd4 5. O-O Na5 6. Qxd4 Nxc4 7. Qxc4 d6 8.
Nc3 Be7 9. e5 Ng4 10. exd6 Bxd6 11. Re1+ Be6 12. Qxg4 Qe7 13. Qa4+ Kf8 14. Bf4
Bc5 15. Ng5 Rd8 16. Nxe6+ fxe6 17. Qb3 Qf6 18. Ne4 Bxf2+ 19. Nxf2 Qxf4 20. Qxe6
Qf7 21. Qg4 Kg8 22. Re3 h5 23. Qg5 Rd5 24. Qe7 Rh6 25. Qxf7+ Kxf7 26. Nd3 Rd7
27. Ne5+ 1-0

[Event "12. Obert Int. Sant Marti 2010 - B"]
[Site "Barcelona ESP"]
[Date "2010.07.13"]
[Round "1.4"]
[White "Olleta Tanya, Jordi"]
[Black "Diaz Nieto, Alberto"]
[Result "0-1"]
[WhiteElo "1690"]
[BlackElo "1957"]
[PlyCount "52"]
[EventDate "2010.07.13"]
[EventType "swiss"]
[EventRounds "9"]
[EventCountry "ESP"]
[SourceTitle "Ajedrez en Madrid"]
[Source "lmi"]
[SourceDate "2010.07.13"]
[SourceVersion "1"]
[SourceVersionDate "2019.06.18"]
[SourceQuality "1"]

1. c4 e5 2. Nc3 f5 3. e4 Nf6 4. exf5 Bc5 5. Qe2 Nc6 6. Nf3 d6 7. Ne4 Nd4 8.
Nxf6+ Qxf6 9. Nxd4 Bxd4 10. Qf3 O-O 11. g4 e4 12. Qb3 Bd7 13. c5+ Kh8 14. cxd6
Qxd6 15. Be2 g6 16. d3 Bc6 17. dxe4 Bxe4 18. f3 Bd5 19. Qd3 Bc5 20. fxg6 hxg6
21. Qc3+ Kh7 22. a3 Rae8 23. Kd1 Bxf3+ 24. Bd2 Rxe2 25. Kc2 Bxh1 26. Qh3+ Kg8
0-1

[Event "12. Obert Int. Sant Marti 2010 - B"]
[Site "Barcelona ESP"]
[Date "2010.07.13"]
[Round "1.5"]
[White "Navarro Coloma, Antonio"]
[Black "Caro Martinez, Ramon"]
[Result "1-0"]
[WhiteElo "1954"]
[BlackElo "1683"]
[PlyCount "61"]
[EventDate "2010.07.13"]
[EventType "swiss"]
[EventRounds "9"]
[EventCountry "ESP"]
[SourceTitle "Ajedrez en Madrid"]
[Source "lmi"]
[SourceDate "2010.07.13"]
[SourceVersion "1"]
[SourceVersionDate "2019.06.18"]
[SourceQuality "1"]

1. d4 g6 2. Nf3 Bg7 3. Bf4 Nf6 4. e3 O-O 5. Bd3 d6 6. Nbd2 Nbd7 7. O-O a6 8. a4
c5 9. c3 cxd4 10. exd4 Re8 11. Re1 e5 12. dxe5 dxe5 13. Bxe5 Nxe5 14. Nxe5 Rxe5
15. Rxe5 Ng4 16. Re2 Qxd3 17. Re8+ Bf8 18. Nc4 Qxd1+ 19. Rxd1 Nf6 20. Red8 Be6
21. Rxa8 Bxc4 22. Rdd8 b5 23. Rxf8+ Kg7 24. Rfc8 Bd5 25. Ra7 Ne4 26. a5 Kh6 27.
Rd8 Bc4 28. Rxa6 Nc5 29. Rc6 Nb7 30. Rxc4 bxc4 31. a6 1-0

[Event "12. Obert Int. Sant Marti 2010 - B"]
[Site "Barcelona ESP"]
[Date "2010.07.13"]
[Round "1.7"]
[White "Riekenbrauk, Joerg"]
[Black "Gonzalez Edo, David"]
[Result "1-0"]
[WhiteElo "1946"]
[BlackElo "1657"]
[PlyCount "43"]
[EventDate "2010.07.13"]
[EventType "swiss"]
[EventRounds "9"]
[EventCountry "ESP"]
[SourceTitle "Ajedrez en Madrid"]
[Source "lmi"]
[SourceDate "2010.07.13"]
[SourceVersion "1"]
[SourceVersionDate "2019.06.18"]
[SourceQuality "1"]

1. e4 c5 2. d4 cxd4 3. c3 dxc3 4. Nxc3 Nc6 5. Nf3 g6 6. Bc4 Bg7 7. O-O Nf6 8.
e5 Ng8 9. Bf4 Nh6 10. Qd2 Ng4 11. Rfe1 f6 12. exf6 Nxf6 13. Nb5 d5 14. Bxd5
Nxd5 15. Nd6+ Kf8 16. Qxd5 exd6 17. Bxd6+ Ne7 18. Bxe7+ Qxe7 19. Rxe7 Kxe7 20.
Re1+ Kf8 21. Qd8+ Kf7 22. Ng5# 1-0

[Event "12. Obert Int. Sant Marti 2010 - B"]
[Site "Barcelona ESP"]
[Date "2010.07.13"]
[Round "1.8"]
[White "Cort Hidalgo, Jordi"]
[Black "Castrillo Mansego, Pablo"]
[Result "0-1"]
[WhiteElo "1657"]
[BlackElo "1945"]
[PlyCount "52"]
[EventDate "2010.07.13"]
[EventType "swiss"]
[EventRounds "9"]
[EventCountry "ESP"]
[SourceTitle "Ajedrez en Madrid"]
[Source "lmi"]
[SourceDate "2010.07.13"]
[SourceVersion "1"]
[SourceVersionDate "2019.06.18"]
[SourceQuality "1"]

1. e4 e6 2. d4 d5 3. Nc3 Nf6 4. Bg5 Be7 5. e5 Nfd7 6. h4 a6 7. Qg4 Bxg5 8. hxg5
g6 9. Bd3 Qe7 10. Nge2 c5 11. dxc5 Nxe5 12. Qg3 Nbc6 13. O-O-O Qxc5 14. Rh6 Bd7
15. Rdh1 O-O-O 16. f4 Nc4 17. Bxc4 Qxc4 18. Rxh7 Rxh7 19. Rxh7 d4 20. b3 Qc5
21. Na4 Qa3+ 22. Kd1 Nb4 23. f5 Bxa4 24. fxg6 d3 25. Rxf7 dxc2+ 26. Ke1 c1=Q+
0-1

[Event "12. Obert Int. Sant Marti 2010 - B"]
[Site "Barcelona ESP"]
[Date "2010.07.13"]
[Round "1.9"]
[White "Marina De La Torre, Ivan"]
[Black "Ballve Monte, Antoni"]
[Result "1-0"]
[WhiteElo "1944"]
[BlackElo "1655"]
[PlyCount "73"]
[EventDate "2010.07.13"]
[EventType "swiss"]
[EventRounds "9"]
[EventCountry "ESP"]
[SourceTitle "Ajedrez en Madrid"]
[Source "lmi"]
[SourceDate "2010.07.13"]
[SourceVersion "1"]
[SourceVersionDate "2019.06.18"]
[SourceQuality "1"]

1. d4 d5 2. c4 c6 3. Nc3 Nf6 4. Bg5 e6 5. cxd5 cxd5 6. e3 Be7 7. Bd3 Nc6 8.
Nge2 e5 9. dxe5 Nxe5 10. Bc2 Be6 11. O-O Nfg4 12. Bxe7 Qxe7 13. h3 Nf6 14. Ba4+
Nc6 15. Nd4 Bd7 16. Nce2 O-O 17. Rc1 Rac8 18. a3 Qe8 19. Nxc6 bxc6 20. b4 a6
21. Nd4 Ne4 22. Nb3 Qe5 23. Nc5 Nxc5 24. Rxc5 Qg5 25. Qf3 Qg6 26. Rfc1 Rfe8 27.
Bc2 Qh6 28. Bd3 Ra8 29. Bf5 Bxf5 30. Qxf5 g6 31. Qc2 Re5 32. Rxc6 Rg5 33. Rc8+
Rxc8 34. Qxc8+ Kg7 35. Qc3+ Kg8 36. Kf1 Qh4 37. Qf6 1-0

[Event "12. Obert Int. Sant Marti 2010 - B"]
[Site "Barcelona ESP"]
[Date "2010.07.13"]
[Round "1.10"]
[White "Calafell Marques, Josep"]
[Black "Fernandez Diaz, Cristian"]
[Result "1-0"]
[WhiteElo "1642"]
[BlackElo "1930"]
[PlyCount "51"]
[EventDate "2010.07.13"]
[EventType "swiss"]
[EventRounds "9"]
[EventCountry "ESP"]
[SourceTitle "Ajedrez en Madrid"]
[Source "lmi"]
[SourceDate "2010.07.13"]
[SourceVersion "1"]
[SourceVersionDate "2019.06.18"]
[SourceQuality "1"]

1. e4 c5 2. Nf3 Nc6 3. d4 cxd4 4. Nxd4 g6 5. Nc3 Bg7 6. Be3 d6 7. Qd2 Nf6 8. f3
O-O 9. O-O-O Bd7 10. g4 Rb8 11. h4 Bxg4 12. fxg4 Nxg4 13. Nxc6 bxc6 14. b3 Nxe3
15. Qxe3 Qa5 16. Na4 Rfc8 17. h5 c5 18. hxg6 hxg6 19. Bc4 Rb4 20. Qh3 Rcb8 21.
Qh7+ Kf8 22. Bxf7 Kxf7 23. Rhf1+ Ke6 24. Qh3+ Ke5 25. Rd5+ Kxe4 26. Qf3# 1-0

[Event "12. Obert Int. Sant Marti 2010 - B"]
[Site "Barcelona ESP"]
[Date "2010.07.13"]
[Round "1.11"]
[White "Flores Linan, Josep Luis"]
[Black "Hinarejos Montano, Andres"]
[Result "1-0"]
[WhiteElo "1912"]
[BlackElo "1637"]
[PlyCount "47"]
[EventDate "2010.07.13"]
[EventType "swiss"]
[EventRounds "9"]
[EventCountry "ESP"]
[SourceTitle "Ajedrez en Madrid"]
[Source "lmi"]
[SourceDate "2010.07.13"]
[SourceVersion "1"]
[SourceVersionDate "2019.06.18"]
[SourceQuality "1"]

1. d4 d5 2. c4 c6 3. Nc3 e6 4. Nf3 Be7 5. e3 Nf6 6. Bd3 O-O 7. O-O a6 8. Qc2 b5
9. c5 b4 10. Ne2 h6 11. Ne5 a5 12. a3 bxa3 13. Rxa3 Ba6 14. Bd2 Bxd3 15. Qxd3
Ne4 16. Rfa1 Nxd2 17. Qxd2 Qc7 18. Rxa5 Rxa5 19. Qxa5 Qxa5 20. Rxa5 Rc8 21. Nc3
f6 22. Ng6 Bd8 23. Ra7 Bc7 24. Ne7+ 1-0

[Event "12. Obert Int. Sant Marti 2010 - B"]
[Site "Barcelona ESP"]
[Date "2010.07.13"]
[Round "1.12"]
[White "Gomez Fernandez, Miquel"]
[Black "Reyes Jimenez, Alex"]
[Result "0-1"]
[WhiteElo "1637"]
[BlackElo "1904"]
[PlyCount "94"]
[EventDate "2010.07.13"]
[EventType "swiss"]
[EventRounds "9"]
[EventCountry "ESP"]
[SourceTitle "Ajedrez en Madrid"]
[Source "lmi"]
[SourceDate "2010.07.13"]
[SourceVersion "1"]
[SourceVersionDate "2019.06.18"]
[SourceQuality "1"]

1. d4 Nf6 2. Nc3 d5 3. Bg5 c6 4. Nf3 h6 5. Bf4 Bf5 6. e3 Nbd7 7. Bd3 Bxd3 8.
cxd3 e6 9. e4 Qb6 10. Qc2 Be7 11. O-O Nf8 12. Na4 Qb5 13. e5 Ng8 14. a3 Ng6 15.
Be3 Bd8 16. b4 N8e7 17. Rfc1 O-O 18. Nc5 Re8 19. Qd2 Qb6 20. Rc2 Qc7 21. Rac1
b6 22. Nb3 Qb7 23. h3 a5 24. bxa5 bxa5 25. Nc5 Qa7 26. Nh2 Bb6 27. f4 Reb8 28.
g4 Bxc5 29. Rxc5 Rb3 30. R5c3 a4 31. Qf2 Rab8 32. f5 Rxc3 33. Rxc3 Rb1+ 34. Nf1
Nf8 35. f6 Neg6 36. fxg7 Kxg7 37. Qf6+ Kg8 38. Bxh6 Qxd4+ 39. Kh2 Qxe5+ 40.
Qxe5 Nxe5 41. Nd2 Rb2 42. Kg3 d4 43. Rc5 Nfd7 44. Ra5 Kh7 45. Bf4 Nxd3 46. Nc4
Rb3 47. Kh4 Nxf4 0-1

[Event "12. Obert Int. Sant Marti 2010 - B"]
[Site "Barcelona ESP"]
[Date "2010.07.14"]
[Round "2.1"]
[White "Casals Ruisanchez, Josep Maria"]
[Black "Sanchez Sanchez, Ignasi"]
[Result "0-1"]
[WhiteElo "1781"]
[BlackElo "1986"]
[PlyCount "85"]
[EventDate "2010.07.13"]
[EventType "swiss"]
[EventRounds "9"]
[EventCountry "ESP"]
[SourceTitle "Ajedrez en Madrid"]
[Source "lmi"]
[SourceDate "2010.07.13"]
[SourceVersion "1"]
[SourceVersionDate "2019.06.18"]
[SourceQuality "1"]

1. d4 d5 2. c4 dxc4 3. e4 e5 4. Bxc4 Qxd4 5. Qxd4 exd4 6. Nf3 Bb4+ 7. Nbd2 Nc6
8. a3 Bxd2+ 9. Bxd2 Bg4 10. Ng5 Ne5 11. Rc1 h6 12. Nh3 Bxh3 13. gxh3 Nxc4 14.
Rxc4 O-O-O 15. Bf4 c6 16. Kd2 Nf6 17. f3 Rd7 18. Be5 Nh5 19. Rg1 f6 20. Bxd4 b5
21. Rxc6+ Kb7 22. Rc5 Rxd4+ 23. Ke3 Kb6 24. Kxd4 Nf4 25. Rc2 Rd8+ 26. Ke3 g5
27. h4 Rd3+ 28. Kf2 Nh3+ 29. Kg2 Nxg1 30. Kxg1 Rxf3 31. hxg5 hxg5 32. Rf2 Rxf2
33. Kxf2 Kc5 34. Kf3 Kd4 35. b3 a5 36. h3 a4 37. bxa4 bxa4 38. h4 gxh4 39. Kg4
Kxe4 40. Kxh4 f5 41. Kg3 Ke3 42. Kg2 f4 43. Kf1 0-1

[Event "12. Obert Int. Sant Marti 2010 - B"]
[Site "Barcelona ESP"]
[Date "2010.07.14"]
[Round "2.2"]
[White "Amor Alcaide, Manuel"]
[Black "Corrales Adamuz, Cristian"]
[Result "1/2-1/2"]
[WhiteElo "1978"]
[BlackElo "1820"]
[PlyCount "105"]
[EventDate "2010.07.13"]
[EventType "swiss"]
[EventRounds "9"]
[EventCountry "ESP"]
[SourceTitle "Ajedrez en Madrid"]
[Source "lmi"]
[SourceDate "2010.07.13"]
[SourceVersion "1"]
[SourceVersionDate "2019.06.18"]
[SourceQuality "1"]

1. b4 e5 2. Bb2 d6 3. d3 f5 4. e3 Nf6 5. Nd2 Nbd7 6. Ngf3 Be7 7. c4 c5 8. Ng5
Qb6 9. b5 h6 10. Ngf3 a6 11. a4 a5 12. Nh4 Nf8 13. Qf3 g5 14. Nxf5 g4 15. Nxd6+
Qxd6 16. Qe2 Bf5 17. O-O-O O-O-O 18. g3 Bxd3 19. Qxd3 Qxd3 20. Bxd3 Rxd3 21.
Bxe5 Ng6 22. Bb2 Rf8 23. Rhf1 b6 24. Kc2 Rfd8 25. Bc3 Ne8 26. Rde1 Bf6 27. Ne4
Bxc3 28. Nxc3 R3d6 29. Nd5 Nf6 30. e4 Re8 31. h3 h5 32. hxg4 hxg4 33. Rh1 Rxe4
34. Rxe4 Nxe4 35. Rh6 Ne5 36. Rh8+ Kd7 37. Rh7+ Ke8 38. Re7+ Kd8 39. Rxe5 Nxf2
40. Re2 Nh3 41. Kd3 Ng5 42. Re5 Nf3 43. Re4 Nh2 44. Ke3 Nf1+ 45. Kf2 Nd2 46.
Rxg4 Nxc4 47. Rxc4 Rxd5 48. Ke3 Ke7 49. Rh4 Rd6 50. Rf4 Rd1 51. Rh4 Rg1 52. Kf2
Ra1 53. Ke2 1/2-1/2

[Event "12. Obert Int. Sant Marti 2010 - B"]
[Site "Barcelona ESP"]
[Date "2010.07.14"]
[Round "2.3"]
[White "Romero Funieles, Rafael"]
[Black "Pariente Lopez, Eduard"]
[Result "0-1"]
[WhiteElo "1769"]
[BlackElo "1965"]
[PlyCount "88"]
[EventDate "2010.07.13"]
[EventType "swiss"]
[EventRounds "9"]
[EventCountry "ESP"]
[SourceTitle "Ajedrez en Madrid"]
[Source "lmi"]
[SourceDate "2010.07.13"]
[SourceVersion "1"]
[SourceVersionDate "2019.06.18"]
[SourceQuality "1"]

1. e4 e6 2. d4 d5 3. exd5 exd5 4. Nf3 Bd6 5. Bd3 Ne7 6. Nc3 c6 7. Bg5 O-O 8.
O-O h6 9. Bh4 Qc7 10. Bxe7 Qxe7 11. Re1 Qf6 12. h3 Bf5 13. a3 Nd7 14. Bxf5 Qxf5
15. b4 Rfe8 16. Rxe8+ Rxe8 17. b5 Nf6 18. bxc6 bxc6 19. Ne2 Ne4 20. a4 g5 21.
Qd3 h5 22. Rf1 g4 23. hxg4 hxg4 24. Nh4 Qf6 25. g3 Kg7 26. Kg2 Rh8 27. Nc3 Rxh4
28. Nxe4 dxe4 29. Qxe4 Qf3+ 30. Qxf3 gxf3+ 31. Kxf3 Rxd4 32. Ra1 Rd2 33. c4 Bc5
34. a5 Rxf2+ 35. Ke4 Rg2 36. Kf3 Rc2 37. Ra4 Rc3+ 38. Kg2 Ra3 39. Rxa3 Bxa3 40.
a6 Kf6 41. Kf3 Ke5 42. g4 Kd4 43. Kf4 Kxc4 44. Kf5 Be7 0-1

[Event "12. Obert Int. Sant Marti 2010 - B"]
[Site "Barcelona ESP"]
[Date "2010.07.14"]
[Round "2.4"]
[White "Diaz Nieto, Alberto"]
[Black "Subirana Santos, Marc"]
[Result "1-0"]
[WhiteElo "1957"]
[BlackElo "1817"]
[PlyCount "89"]
[EventDate "2010.07.13"]
[EventType "swiss"]
[EventRounds "9"]
[EventCountry "ESP"]
[SourceTitle "Ajedrez en Madrid"]
[Source "lmi"]
[SourceDate "2010.07.13"]
[SourceVersion "1"]
[SourceVersionDate "2019.06.18"]
[SourceQuality "1"]

1. d4 Nf6 2. c4 g6 3. Nc3 Bg7 4. e4 d6 5. f4 O-O 6. Nf3 Na6 7. Bd3 c5 8. d5 Bd7
9. O-O Nc7 10. Qe1 a6 11. e5 Nfe8 12. Ne4 b5 13. Nfg5 bxc4 14. Qh4 h6 15. Bxc4
Bb5 16. Bxb5 axb5 17. e6 f6 18. Nf7 Rxf7 19. exf7+ Kxf7 20. f5 Ra4 21. fxg6+
Kxg6 22. Qg3+ Kh7 23. Qh3 Kg8 24. Bxh6 Bxh6 25. Qxh6 Qc8 26. Ng5 Rh4 27. Qg6+
Ng7 28. Qf7+ Kh8 29. Qxe7 Nxd5 30. Qxd6 Rd4 31. Rad1 Nf5 32. Qe6 Qxe6 33. Nxe6
Rxd1 34. Rxd1 Nfe3 35. Rd3 c4 36. Rd4 Kg8 37. Kf2 Kf7 38. Nc7 Nxc7 39. Kxe3 Ke6
40. h4 Nd5+ 41. Rxd5 Kxd5 42. h5 Ke6 43. g4 b4 44. Kd4 b3 45. a3 1-0

[Event "12. Obert Int. Sant Marti 2010 - B"]
[Site "Barcelona ESP"]
[Date "2010.07.14"]
[Round "2.5"]
[White "Benet Saniger, Xavier"]
[Black "Navarro Coloma, Antonio"]
[Result "1/2-1/2"]
[WhiteElo "1727"]
[BlackElo "1954"]
[PlyCount "102"]
[EventDate "2010.07.13"]
[EventType "swiss"]
[EventRounds "9"]
[EventCountry "ESP"]
[SourceTitle "Ajedrez en Madrid"]
[Source "lmi"]
[SourceDate "2010.07.13"]
[SourceVersion "1"]
[SourceVersionDate "2019.06.18"]
[SourceQuality "1"]

1. Nf3 e6 2. d4 d5 3. c4 c6 4. Nc3 Nf6 5. e3 Nbd7 6. cxd5 exd5 7. Bd3 Bd6 8.
O-O O-O 9. Re1 Re8 10. Qc2 Nf8 11. h3 Ng6 12. e4 dxe4 13. Nxe4 Nd5 14. Bg5 Be7
15. a3 Bf5 16. Bxe7 Ngxe7 17. Neg5 Bxd3 18. Qxd3 Ng6 19. Qf5 Qf6 20. Qc2 h6 21.
Ne4 Qf5 22. Rac1 Ndf4 23. Re3 Nd5 24. Ree1 Ngf4 25. Nh4 Nxh3+ 26. gxh3 Qxh3 27.
Ng2 Re6 28. Ng3 Rg6 29. Re4 Re6 30. Rxe6 Qxe6 31. Re1 Qd7 32. Qe4 Nf6 33. Qf4
Re8 34. Rxe8+ Qxe8 35. Nf5 Kh7 36. Nge3 Nd5 37. Qg3 g6 38. Nd6 Qe7 39. Nxd5
cxd5 40. Qe5 Qd7 41. Qxd5 Qg4+ 42. Qg2 Qd1+ 43. Kh2 Qxd4 44. Ne4 Qe5+ 45. Kg1
Qxb2 46. Qf3 Kg7 47. Nd6 Qc1+ 48. Kg2 Qg5+ 49. Kh3 Qe7 50. Nxb7 Qd7+ 51. Kg2
Qe7 1/2-1/2

[Event "12. Obert Int. Sant Marti 2010 - B"]
[Site "Barcelona ESP"]
[Date "2010.07.14"]
[Round "2.6"]
[White "Porras Dalmau, Daniel"]
[Black "Martin Sanchez, Antoni"]
[Result "1-0"]
[WhiteElo "1951"]
[BlackElo "1789"]
[PlyCount "51"]
[EventDate "2010.07.13"]
[EventType "swiss"]
[EventRounds "9"]
[EventCountry "ESP"]
[SourceTitle "Ajedrez en Madrid"]
[Source "lmi"]
[SourceDate "2010.07.13"]
[SourceVersion "1"]
[SourceVersionDate "2019.06.18"]
[SourceQuality "1"]

1. d4 Nf6 2. c4 d5 3. cxd5 Qxd5 4. Nc3 Qd8 5. e4 e6 6. Bg5 Be7 7. f4 c6 8. Nf3
Nbd7 9. Bd3 h6 10. Bxf6 Nxf6 11. O-O b6 12. e5 Nd5 13. Nxd5 Qxd5 14. Qc2 Bd7
15. Be4 Qb5 16. a4 Qb4 17. Bxc6 Rc8 18. Bxd7+ Kxd7 19. Qd3 Qxb2 20. d5 Bc5+ 21.
Kh1 exd5 22. Qxd5+ Kc7 23. Rab1 Qc2 24. Rfc1 Qf2 25. Nd4 Rhd8 26. Rxc5+ 1-0

[Event "12. Obert Int. Sant Marti 2010 - B"]
[Site "Barcelona ESP"]
[Date "2010.07.14"]
[Round "2.7"]
[White "Fernandez Benito, Carlos Pablo"]
[Black "Riekenbrauk, Joerg"]
[Result "0-1"]
[WhiteElo "1608"]
[BlackElo "1946"]
[PlyCount "66"]
[EventDate "2010.07.13"]
[EventType "swiss"]
[EventRounds "9"]
[EventCountry "ESP"]
[SourceTitle "Ajedrez en Madrid"]
[Source "lmi"]
[SourceDate "2010.07.13"]
[SourceVersion "1"]
[SourceVersionDate "2019.06.18"]
[SourceQuality "1"]

1. d4 f5 2. Bg5 g6 3. Nc3 Nh6 4. e4 fxe4 5. Bc4 c6 6. a3 d5 7. Be2 Bg7 8. f3 e3
9. Qd3 Bf5 10. Qxe3 Nf7 11. O-O-O Nxg5 12. Qxg5 e5 13. Qxd8+ Kxd8 14. dxe5 Bxe5
15. Nxd5 cxd5 16. Rxd5+ Nd7 17. g4 Be6 18. Rd1 Rc8 19. Kb1 Ke7 20. Nh3 Rhd8 21.
f4 Bf6 22. Nf2 Nc5 23. g5 Bd4 24. Nd3 Bf5 25. Rhe1 Kf8 26. h4 Na4 27. h5 Nxb2
28. hxg6 Nxd1 29. Rxd1 hxg6 30. Rh1 Kg7 31. Re1 Re8 32. Bf3 Rxe1+ 33. Nxe1 Be3
0-1

[Event "12. Obert Int. Sant Marti 2010 - B"]
[Site "Barcelona ESP"]
[Date "2010.07.14"]
[Round "2.8"]
[White "Castrillo Mansego, Pablo"]
[Black "Rabinovich, Yacov"]
[Result "1-0"]
[WhiteElo "1945"]
[BlackElo "1773"]
[PlyCount "47"]
[EventDate "2010.07.13"]
[EventType "swiss"]
[EventRounds "9"]
[EventCountry "ESP"]
[SourceTitle "Ajedrez en Madrid"]
[Source "lmi"]
[SourceDate "2010.07.13"]
[SourceVersion "1"]
[SourceVersionDate "2019.06.18"]
[SourceQuality "1"]

1. e4 c5 2. Nf3 e6 3. d4 cxd4 4. Nxd4 a6 5. Nc3 Qc7 6. Bd3 Nf6 7. O-O e5 8. Nf5
d6 9. Bg5 Bxf5 10. Bxf6 Be6 11. Bh4 Be7 12. Bg3 Nc6 13. Qd2 O-O 14. f4 Nb4 15.
f5 Nxd3 16. cxd3 Bd7 17. Nd5 Qd8 18. f6 Bxf6 19. Rxf6 gxf6 20. Qh6 Re8 21. Bh4
Re6 22. Nxf6+ Rxf6 23. Bxf6 Qf8 24. Qg5+ 1-0

[Event "12. Obert Int. Sant Marti 2010 - B"]
[Site "Barcelona ESP"]
[Date "2010.07.14"]
[Round "2.9"]
[White "Febrero Perez, Lluis"]
[Black "Marina De La Torre, Ivan"]
[Result "0-1"]
[WhiteElo "1568"]
[BlackElo "1944"]
[PlyCount "60"]
[EventDate "2010.07.13"]
[EventType "swiss"]
[EventRounds "9"]
[EventCountry "ESP"]
[SourceTitle "Ajedrez en Madrid"]
[Source "lmi"]
[SourceDate "2010.07.13"]
[SourceVersion "1"]
[SourceVersionDate "2019.06.18"]
[SourceQuality "1"]

1. e4 e6 2. d4 d5 3. e5 c5 4. c3 Nc6 5. Nf3 Bd7 6. Bb5 a6 7. Bxc6 bxc6 8. b3
cxd4 9. cxd4 c5 10. Ba3 Rc8 11. O-O Be7 12. Nc3 Qa5 13. Bb2 Nh6 14. Ne2 O-O 15.
Qd2 Qxd2 16. Nxd2 Nf5 17. g4 Nxd4 18. Nxd4 cxd4 19. Bxd4 Rc2 20. Rfd1 Rfc8 21.
f4 Bb5 22. Kf2 Ba3 23. Ke1 Kf8 24. Rdb1 Bc1 25. Nf3 Bxf4 26. Rb2 Rxb2 27. Bxb2
Rc2 28. Ba3+ Ke8 29. h4 Re2+ 30. Kd1 Rf2 0-1

[Event "12. Obert Int. Sant Marti 2010 - B"]
[Site "Barcelona ESP"]
[Date "2010.07.14"]
[Round "2.10"]
[White "Saez Coma, Alejandro"]
[Black "Flores Linan, Josep Luis"]
[Result "0-1"]
[WhiteElo "1477"]
[BlackElo "1912"]
[PlyCount "113"]
[EventDate "2010.07.13"]
[EventType "swiss"]
[EventRounds "9"]
[EventCountry "ESP"]
[SourceTitle "Ajedrez en Madrid"]
[Source "lmi"]
[SourceDate "2010.07.13"]
[SourceVersion "1"]
[SourceVersionDate "2019.06.18"]
[SourceQuality "1"]

1. e4 c5 2. Nf3 d6 3. d4 cxd4 4. Bb5+ Bd7 5. Bxd7+ Qxd7 6. Nxd4 g6 7. Nc3 Bg7
8. Be3 Nf6 9. f3 Nc6 10. Nxc6 bxc6 11. Qd2 Rb8 12. Rb1 h5 13. O-O Rb7 14. Rfd1
O-O 15. Bh6 Qe6 16. Bxg7 Kxg7 17. b3 Qe5 18. Qd4 Qa5 19. a4 Kh7 20. Ne2 Nd7 21.
Ng3 Qg5 22. Qd2 Qf6 23. f4 h4 24. Nf1 Nc5 25. Re1 Ne6 26. g3 hxg3 27. hxg3 Qd4+
28. Qe3 Kg7 29. f5 gxf5 30. exf5 Qxe3+ 31. Nxe3 Nd4 32. Kf2 f6 33. Red1 c5 34.
b4 Rfb8 35. c3 Nc6 36. b5 Ne5 37. Rd2 Kf7 38. Ke2 Rg8 39. Rg1 Ng4 40. Nxg4 Rxg4
41. Ra2 e5 42. Kf3 Rc4 43. Ra3 d5 44. Rh1 Kg7 45. Rd1 d4 46. cxd4 cxd4 47. Ke4
Rd7 48. Kd3 Rdc7 49. Rda1 Rc3+ 50. Rxc3 Rxc3+ 51. Kd2 e4 52. Rc1 e3+ 53. Kd1
e2+ 54. Kxe2 Rxc1 55. a5 Rb1 56. b6 axb6 57. axb6 0-1